000 01017cam a22001934a 4500
005 20250605164122.0
008 250528s ||||||||||||||||||||||||d
035 _a18318
020 _a131656074
040 _aGR-AtMCL
_bgre
_dGR-AtMCL
_eAACR2
245 1 _aInvestment Management
260 _bPrentice Hall International,
_c1995
300 _a784
520 _aPreface, Background, Overview of Financial Markets and Investments, Portfolio Theory and Asset Pricing, apital Market Theory and the Capital Asset Pricing Model, Institutional Investors and Their Objectives, Insurance Companies, Depository Institutions, Common Stock Analysis and Portfolio Management, Stock Market Efficiency and Transactions Costs, Active Equity Management, Equity Option Pricing Models, Fixed-Income Analysis and Portfolio Management, Bond Pricing, Asset Allocation and Performance Evaluation, Appendixes, Glossary, Name and Subject Index.
700 1 _aFabozzi Frank J
_94591
942 _cBK
999 _c3681
_d3681